[Event "EU-ch 1st"]
[Site "Saint Vincent"]
[Date "2000.07.12"]
[Round "9"]
[White "Aleksandrov, Aleksej"]
[Black "Milov, Vadim"]
[Result "1-0"]
[WhiteElo "2591"]
[BlackElo "2626"]
[Annotator "Wells,P"]
[PlyCount "90"]
[EventDate "2000.07.03"]
[EventType "swiss"]
[EventRounds "11"]
[EventCountry "ITA"]
[SourceTitle "CBM 078"]
[Source "ChessBase"]
[SourceDate "2000.10.18"]
[SourceVersion "1"]
[SourceVersionDate "2000.10.18"]
[SourceQuality "1"]

1. d4 Nf6 2. c4 e6 3. Nc3 Bb4 4. e3 c5 5. Bd3 Nc6 6. Nf3 Bxc3+ 7. bxc3 d6 8.
O-O (8. e4 {By way of comparison, it is interesting to note that} e5 9. h3 (9.
d5 Ne7 {is of course a main line. From what I can see the possibility that} 10.
O-O ({Also} 10. Nh4 h6 {is a sound line for black, but white might
legitimately provoke ...h6 immediately and then choose an approach other than
Nh4.}) {can be answered by} 10... Ng6 $5 {is slightly annoying for white, and
avoiding this might be a motivation for 9 0-0.}) 9... cxd4 10. cxd4 exd4 11.
O-O {would reach the game position, but black has never felt moved to put it
to the test. I must say, such clearance in the centre is not regarded as
promising for black.}) 8... e5 9. e4 $5 {The combination of 0-0 and e4 on
moves 8 and 9 is usually condemned. If white plays 8 e4 he usually either
closes the centre immediately with 9 d5, or at least when maintaining the
tension takes a time out with 9 h3 to prevent both ...Bg4 and ...Ng4. On the
other hand, 8 e4 usually presages an approach with e4 ommitted altogether.
This game provokes two questions. Why did black avoid the 'book refutation' of
8 0-0 and 9 e4? and What extra possibilities is white hoping to gain by this
move order?} cxd4 (9... h6 $5 {looks to me the best try to return to main
lines, and reject the chance to 'exploit' 9 e4. The line} 10. d5 Ne7 {offers
no extra possibilities over the move-order 8 e4 e5 9 d5 Ne7 10 0-0 h6} 11. Ne1
g5 12. g3 Bh3 13. Ng2 Qd7 14. f3 O-O-O 15. Rf2 Kb8 16. Rb1 Ka8 17. Ne3 Qc7 18.
Nc2 Bd7 19. Na3 a6 20. Rfb2 Rb8 21. Nc2 Ba4 22. Qf1 Rhg8 23. Ne3 h5 24. Rf2 Bd7
{1/2-1/2 Glyanets,A-Brodsky,M/Kazan 1995/CBM 51 (24) is a typical example.
Conclusion? Well, it looks as if the main point of 8 0-0 and 9 e4 is simply to
provoke, and on this level it was successful here!}) (9... O-O 10. d5 (10. Be3
$5 Ng4 $140 11. Bg5) 10... Ne7 11. Nh4 h6 12. f3 (12. Qf3 $5 Ng6 13. Nf5 Re8 $6
14. Bd2 Bxf5 15. Qxf5 Nf4 16. Bxf4 g6 17. Qh3 exf4 18. Qxh6 Nxe4 19. Qxf4 Nxc3
20. Rfe1 $16 {1-0 Hracek,Z-Stajcic,N/Kecskemet 1992/CBM 29 (57)}) 12... g5 13.
Nf5 Nxf5 14. exf5 Bd7 15. Bd2 Kg7 16. g4 Rh8 17. Rb1 Rb8 18. Kg2 a6 19. a4 b6
20. Rh1 {1-0 Gelfand,B-Short,N/Dos Hermanas 1997/CBM 59 (37) and white's
position is much more purposeful}) 10. cxd4 exd4 ({Theory recommends} 10... Bg4
$5 11. d5 Nd4 12. Kh1 $5 ({White can probably choose to make a draw with} 12.
Qa4+ Bd7 13. Qd1 $1 ({but not} 13. Qb4 $2 Nxf3+ 14. gxf3 Bh3 15. Re1 O-O 16. f4
Nh5 17. fxe5 dxe5 18. Qc3 Qh4 19. Be2 f5 20. Bf3 fxe4 21. Rxe4 Qf6 22. Re3 Qg6+
{0-1 Farago,I-Csom,I/HUN-ch 1968/MCD (22)}) 13... Bg4 $11) 12... O-O 13. Be3
Nxf3 14. gxf3 Bh3 {It is natural to want to exploit the f4 square by playing ..
.Nh5-f4, but maybe it is safer to first use h5 for the bishop.} (14... Bh5 $5
$13) 15. Rg1 Nh5 {[%csl Rf4]} 16. c5 (16. f4 $5 Nxf4 17. Bxf4 exf4 18. Qh5 $40)
16... f5 $6 17. Rg5 g6 (17... Nf4 18. Bxf4 exf4 19. Rh5 $1 {[%csl Rh3]}) 18.
exf5 Bxf5 19. Bxf5 Rxf5 20. Rxf5 gxf5 21. f4 Qh4 22. c6 $14 {1-0 Formanek,
E-Chow,A/Chicago Int 1994/ (32)}) 11. h3 O-O 12. Bb2 Qb6 {At first I was
reminded of some positions in the lines with 8 0-0 e5 9 Nd2 where black grabs
a pawn at his peril. In fact, though, the move e4 and the black pawn on d4 the
recovery of which is a not so trivial task mean that the frightening
activation of white's bishop pair, the 'standard' consequence of an open
centre in the 'Hubner' Nimzo, is not so easy to effect here.} (12... Re8 13.
Re1 Nd7 (13... Qb6 $5 14. Rb1 Qc5 {is also interesting, having distracted
white's rook from the f-file.}) 14. Nxd4 Qb6 15. Nb3 (15. Nb5 $1 Nc5 (15... a6
16. Nxd6 Re6 17. Ba3) 16. Bc2 a6 17. Nxd6 Rd8 18. Ba3) 15... Nc5 16. Rb1 Be6
17. Nd4 Nxd4 18. Bxd4 Qc6 $13 {0-1 Macskasy,E-Berry,J/Calgary 1975/EXT 98 (80)}
) 13. Rb1 Qc5 14. Nd2 (14. Qc1 {[%csl Rf3,Rh3][%cal Gc5h5] would leave white
somewhat vulnerable on the king-side light squares.}) 14... Re8 15. f4 a5 16.
Qf3 a4 {[%csl Rd2][%cal Ga4b3] Both sides are using their pawns to restrict
the opponents' knights to good effect.} 17. Ba1 {[%cal Yb1b5]} Ra5 {[%cal
Ga5h5]} 18. Rfe1 Nd7 {[%cal Gd7c5]} 19. Kh1 Qh5 20. Qf2 Nc5 21. Bf1 Qh6 22. e5
{It is difficult to put further pressure on d4 without weakening e4. A sort of
equilibrium prevails, so white attempts a breakthrough here, now that black's
forces look unco-ordinated and far from the centre.} dxe5 23. fxe5 {[%csl Rd4]}
Rd8 (23... Nxe5 $2 24. Bxd4 Ncd7 25. Nf3 {would bring white's pieces to life.})
24. a3 {[%csl Gb4]} (24. Rb5 Rxb5 25. cxb5 Nb4 $132) 24... Qg6 (24... Ne6 $5)
25. Qh4 Ne6 26. Nf3 h6 (26... d3 27. Red1 $132 {[%cal Gd1d2,Gb1d1,Yb1b5,Yb5d5]}
) 27. Rb5 d3 28. Bc3 Rxb5 29. cxb5 d2 {To make a square on d4, but white's
pieces increasingly have strongpoints too.} 30. Nxd2 Ncd4 31. Ne4 $16 {[%csl
Yd6]} Nc2 32. Rc1 Ne3 33. Nd6 Nxf1 34. Rxf1 Ng5 (34... Qd3 35. Rc1 Qe3 36. Rc2
Qd3 37. Qf2 $16) 35. Ba5 Rf8 36. Qxa4 Be6 {[%cal Ge6d5]} 37. Qd4 Ra8 38. Bb4
Qh5 39. Qd1 Qh4 40. Be1 Qa4 41. Qxa4 Rxa4 42. Bb4 $18 {[%csl Yb4,Yd6]} b6 43.
Rc1 Ra7 44. h4 Nh7 {[%csl Rh7]} 45. Rc6 Rb7 $2 1-0

[Event "FIDE-Wch k.o."]
[Site "Las Vegas"]
[Date "1999.08.01"]
[Round "1.2"]
[White "Milov, Vadim"]
[Black "Macieja, Bartlomiej"]
[Result "1-0"]
[WhiteElo "2626"]
[BlackElo "2542"]
[Annotator "Wells,P"]
[PlyCount "151"]
[EventDate "1999.07.31"]
[EventType "k.o."]
[EventRounds "7"]
[EventCountry "USA"]
[SourceTitle "CBM 072"]
[Source "ChessBase"]
[SourceDate "1999.10.01"]
[SourceVersion "1"]
[SourceVersionDate "1999.10.01"]
[SourceQuality "1"]

1. d4 Nf6 2. c4 e6 3. Nc3 Bb4 4. e3 c5 5. Bd3 O-O ({The variation} 5... Nc6 6.
Nge2 cxd4 7. exd4 d5 8. cxd5 Qxd5 9. O-O Qh5 {has obvious similarities to the
text, but while it can indeed be transpositional there are some interesting
differences too eg.} 10. Ne4 Nxe4 11. Bxe4 Bd6 (11... O-O {transposes to the
game.}) 12. Bf4 Bxf4 13. Nxf4 Qxd1 (13... Qg5 $5 14. Bxc6+ (14. g3 O-O 15. Rc1)
14... bxc6 15. Qf3 O-O 16. Rac1) 14. Rfxd1 Bd7 15. Nd3 $1 (15. d5 exd5 16. Nxd5
O-O-O $10 {Ivanchuk is weaker. Opening the centre is only likely to be
applicable if either black's king is embarrassed, and/or black has problems
contesting the newly created files.}) 15... Rc8 (15... O-O-O 16. Rac1 Kb8 17.
Nc5 Be8 18. d5 exd5 19. Bxd5 $14 {[%csl Re8][%cal Rd8h8,Rh8d8] It is difficult
for black to solve the problem of coordinating his rooks here.}) 16. Nc5 $5 (
16. d5 exd5 17. Bxd5 b6 18. Re1+ Kf8 19. Rad1 g6 20. Ne5 Nxe5 21. Rxe5 Re8 $2 (
21... f6 $1 22. Re3 h5 $1 {[%cal Gh8h7,Gh7e7]} 23. h3 (23. Be4 Be8) (23. Be6
Bxe6 24. Rxe6 Kf7 $10) 23... Rh7 $10) 22. Rxe8+ Bxe8 23. Rc1 Ke7 24. Rc8 Rf8
25. Ra8 a5 26. Ra6 Kd6 27. Bb3 $18 {Ivanchuk-Hellers/Bagio City/1987}) 16... b6
17. Nxd7 Kxd7 18. d5 Ne7 19. dxe6+ Kxe6 20. Rd3 $1 {[%csl Ye4,Re6][%cal Ga1e1]
1/2-1/2 Rogers,I-Yudasin,L/Tilburg 1994/CBM 44/[Dautov] (35) White's superior
minor piece, and the continuing discomfort of black's king on the central
files means that white's initiative endures.}) 6. Nge2 d5 7. cxd5 cxd4 8. exd4
Qxd5 9. O-O Qh5 10. Ne4 Nxe4 11. Bxe4 Nc6 $5 (11... Bd6 $5 12. Bf4 Bxf4 13.
Nxf4 Qxd1 (13... Qh6 14. Qf3 Nc6 15. Bxc6 bxc6 16. Rfd1 Rb8 17. Nd3 Qf6 18.
Qxf6 gxf6 {1/2-1/2 Galliamova,A-Arkhipov,S/Nabereznye Chelny 1993/CBM 37 (47)})
(13... Qg5 14. Qf3 Nd7 15. Rac1 Qb5 16. b3 Nf6 17. Rc5 Qd7 18. Rd1 Rb8 19. Nh5
Nxh5 20. Qxh5 f5 21. Bf3 b6 22. Re5 Qd6 23. Qg5 Bb7 24. Bxb7 Rxb7 25. Qe3 $14 {
1/2-1/2 Lerner,K-Benjamin,J/Moscow 1987/TD (43) In neither of these lines did
black look entirely comfortable.}) 14. Rfxd1 {Compared with the analagous
positions with 5...Nc6 discussed above, black's king is already committed, but
he has the possibility to place his knight other to to c6. He may try to
blockade the d4 pawn, or at least by avoiding ...Nc6 try to take the sting out
of its advance.} Nd7 15. Rac1 Nf6 16. Bf3 Rd8 17. h4 Rb8 18. g4 (18. Rc7 Ne8)
18... Bd7 19. g5 Ne8 20. d5 (20. Nd3 Bc6) 20... e5 21. Nd3 f6 {[%cal Ge8d6]}
22. d6 $6 (22. Bg2 Nd6 23. f4 $5) 22... Bf5 {[%csl Rd6]} 23. Bd5+ Kh8 24. Rc7
Rxd6 25. Rf7 Nc7 26. Bb3 Nb5 27. Nxe5 Rxd1+ 28. Bxd1 Nd6 $17 {0-1 Lempert,
I-Arkhipov,S/Nabereznye Chelny 1993/CBM 37/[Wells] (44)}) 12. Nf4 $5 $146 {
[%mdl 8]} (12. Qd3 Rd8 $5 (12... Bd6 13. Nf4 Bxf4 14. Bxf4 Rd8 15. Qe3 $1 Nb4
16. Qg3 Nd5 17. Be5 Qh6 18. Qb3 b6 19. Rad1 Ba6 20. Rfe1 $14 {1-0 Gurevich,
M-Benjamin,J/Moscow 1987/TD (41)}) 13. Nf4 Qh4 14. g3 Qe7 15. Bxh7+ Kh8 16. d5
$6 (16. Be4 $5 Nxd4 17. Qd1 Kg8 18. a3 Bc5 19. Be3 $14 {Wells}) 16... exd5 17.
a3 Ne5 18. Qb1 Bc5 19. Bf5 Nf3+ 20. Kg2 Nd4 21. Bxc8 Raxc8 22. b4 Bd6 23. Qd3
Nc2 $17 {0-1 Karason,A-Akesson,R/Reykjavik 1988/TD/ (30)}) 12... Qxd1 13. Rxd1
Rd8 14. Be3 Bd6 15. d5 (15. Rac1 Ne7 {[%cal Ge7d5]}) 15... exd5 16. Rxd5 Bg4 {
Unfortunately this, as proved by the forthcoming liquidation, is not to
provoke a slight weakness of the black squares but merely the only square
available.} 17. f3 Bxf4 ({If} 17... Be6 18. Nxe6 fxe6 19. Rd2 Be5 20. Rad1 {
[%csl Rb7,Ye4] then black develops no play at all on the dark squares, but he
is dangerously vulnerable on the light squares, and white's bishop on e4 is
very strong.}) 18. Bxf4 Rxd5 ({Black obviously decided that the defence
requires the removal of a pair of rooks. Moreover, there is limited mileage in
driving white's rook from the d-file since there are no entry squares there
for counterplay.Nevertheless, I wonder whether} 18... Be6 $5 19. Rc5 (19. Rb5
$4 Nd4 {[%cal Yd4b5,Yd4e2]}) 19... Rac8 {was so bad.}) 19. Bxd5 Be6 20. Bxe6
fxe6 21. Rd1 Rd8 22. Rxd8+ Nxd8 23. Kf2 $14 {[%csl Gd8,Re6,Yf4] With bishop v.
knight, pawns on both wings and black's weak e6 pawn, white has the capacity
to press black for a very long time. Black cannot impede his king opponent's
king's advance to e4. Vadim Milov's treatment of the Nimzo-Indian has, over
the years shown a willingness to accept some rather messy pawn structures in
return for the bishop pair. Here he shows quite why he is so comfortable with
bishop v. knight.} Nc6 24. Bd6 Kf7 25. Ke3 g6 $6 {[%cal Ye3h6] I am not sure
why black felt obliged to play this so soon, although it may be that the king
cannot afford to remain tied to the dfeence of the g-pawn indefinitely. It is
clearly undesirable to allow white's king this potential entry on the
king-side.} 26. Ke4 Kf6 27. Bc5 Kf7 28. Be3 Kf6 29. Bd2 Ke7 30. Bc3 Nd8 31. Bd4
Nc6 32. Be3 Kd6 33. Kf4 Ke7 34. Kg5 Kf7 35. Bd2 a6 36. Bc3 Ne7 37. g4 Nd5 38.
Bd4 Nb4 39. a3 Nd5 40. h4 Ne7 41. Kh6 Kg8 42. Bc3 {White shows the patience
that is the hallmark of a good endgame torturer.} Nd5 43. Be5 Ne7 44. Kg5 Nd5
45. h5 gxh5 46. Kxh5 Kf7 47. Kh6 Kg8 48. Kg5 Kf7 49. Kh6 Kg8 50. f4 Ne3 51. Kg5
Kf7 52. Bd4 Nd5 53. f5 $1 {[%csl Rd5][%cal Ge6f5][%mdl 4096] Exchanging a pair
of the relatively few remaining pawns, including black's most obvious weakness,
but opening squares on the 5th rank for his own king, and removing the
'outpost' status which black's knight has hitherto enjoyed on the important
central square d5.} exf5 54. Kxf5 {[%cal Yf5e5,Ye5d6]} Ne7+ 55. Kg5 Nd5 56. a4
Ne7 57. Bc5 Nd5 58. Kf5 Nf6 59. Bd6 Nd5 60. Bc5 Nf6 61. b3 Nd7 62. Bd6 Nf6 63.
a5 Ng8 64. Ke5 Ne7 65. b4 Nc6+ 66. Kd5 {[%csl Rb7][%cal Yd5c5,Yc5b6,Yd6c5,
Yd5d6,Yd6c7]} Kf6 67. Bc5 Kg5 68. Kd6 Kxg4 69. Kc7 h5 70. Kxb7 Ne5 71. b5 h4
72. bxa6 h3 73. Bg1 Nf3 74. a7 Nxg1 75. a8=Q h2 76. Qg8+ 1-0

[Event "EtVas Vantaa GM"]
[Site "Myyrmanni"]
[Date "1999.07.23"]
[Round "4"]
[White "Lugovoi, Aleksei"]
[Black "Sammalvuo, Tapani"]
[Result "1-0"]
[WhiteElo "2509"]
[BlackElo "2393"]
[Annotator "Wells,P"]
[PlyCount "43"]
[EventDate "1999.07.20"]
[EventType "tourn"]
[EventRounds "9"]
[EventCountry "FIN"]
[EventCategory "8"]
[SourceTitle "CBM 072"]
[Source "ChessBase"]
[SourceDate "1999.10.01"]
[SourceVersion "1"]
[SourceVersionDate "1999.10.01"]
[SourceQuality "1"]

1. d4 Nf6 2. c4 e6 3. Nc3 Bb4 4. e3 c5 5. Bd3 Nc6 6. Nf3 Bxc3+ 7. bxc3 d6 8. e4
e5 9. h3 h6 10. Be3 b6 11. d5 Ne7 12. Nd2 Ng6 (12... Bd7 $5 13. g3 Qc8 14. Bf1
Qc7 15. f4 O-O-O 16. Qf3 Rdf8 17. Bd3 Kb8 18. O-O-O Ne8 19. f5 {[%cal Yh3h4,
Yg3g5]} g5 $1 20. h4 f6 21. Rh2 Qd8 22. Rdh1 Nc7 23. Kb1 Rfg8 24. Qd1 Qe8 25.
Be2 Rf8 26. Nf1 Ba4 27. Qc1 Bd7 28. Qd1 Ba4 29. Qc1 Bd7 {1/2-1/2 Lugovoi,
A-Shaposhnikov,E/St Petersburg 1998/CBM 65 (45) and black held on OK, although
this kind of structure has clearly only a defensive appeal.}) (12... g5 {
[%csl Gf4,Rf5] is the customary trade off between greater control of f4 (
important to white's principal pawn break ) in exchange for a weakening of the
f5 square. I think the current evidence suggests that this is unnecessary eg.}
13. Nf1 $1 (13. h4 gxh4 $1 14. Rxh4 Ng6 15. Rh1 Ng4 16. Nf1 Nf4 $132 {[%csl
Gf4,Gg4]} 17. g3 (17. Bxf4 $2 exf4 {[%cal Gg4e5]}) 17... Ng2+ 18. Ke2 N4xe3 19.
Nxe3 Nxe3 20. Kxe3 Qg5+ 21. Ke2 Ke7 $11 {1/2-1/2 Yusupov,A-Karpov,A/Dortmund
1994 (35)}) 13... Ng6 14. g3 Bd7 15. Bd2 $1 {[%cal Yf1e3,Ye3f5]} Qe7 16. Ne3
O-O-O 17. Qf3 Ne8 18. O-O-O $14 {1-0 Yusupov,A-Lalic,B/Erevan Olm 1996 (43)})
13. g3 Bd7 (13... O-O 14. Qc2 $5 (14. Kf1 Ne8 $1 15. Kg2 Ne7 16. f3 f5 $10 {
Portisch-Browne, Tilburg 1982,-I 34/668}) (14. f4 $2 exf4 15. gxf4 Nd7 16. Nf3
f5 17. exf5 Nh4 $1 $15 {may be seen as another warning against the premature
f4 break!}) 14... Bd7 15. Nf1 (15. f4 $2 exf4 16. gxf4 Nh5 $17) 15... a6 $5 16.
Bd2 $1 Qc8 17. h4 $6 (17. Ne3 $1 Bxh3 18. f3 $44) 17... Ne8 18. Ne3 Ne7 $132 {
0-1 Ibragimov,I-Hjartarson,J/Reykjavik 1994/CBM 40/[Hjartarson] (36)}) 14. f4
$5 {Certainly critical, and other things being equal definitely the move white
would like to play. Too risky with the king still on e1? The following notes
lead me to conclude that black had far more possibilities than a casual glance
at what becomes a spectacular miniature might suggest.} (14. Qc2 $5 {would be
a typical scenario.}) 14... exf4 15. gxf4 Nh7 $1 {[%csl Re1][%cal Gd8h4,Gd8f6,
Gf6c3]} 16. Qh5 (16. Nf3 Nh4 $132) 16... Qf6 {[%csl Rc3,Rf4]} 17. e5 {The
thematic breakthrough, and in any case white has already committed himself.
There are no solid choices any more.} dxe5 18. Bxg6 exf4 {Probably fine in
view of} (18... fxg6 19. Qxe5+ Kf8 (19... Qxe5 20. fxe5 $16 {[%csl Yd5,Ye5]})
20. Ne4 Qf5 (20... Qe7 $5) 21. Nd6 Qf6 $14 {[%csl Rc3,Rc4,Yd6,Rh7,Rh8] The
position is a mess. On balance I prefer white since the knight at d6 does
seriously impede his opponent's mobilisation but how to procede is not totally
clear.} (21... Qc2 22. f5 g5 (22... gxf5 $2 23. Rh2 Qa4 24. Bxh6 $18) 23. Rh2
Qa4 24. f6 Nxf6 25. Rf2 $40)) 19. Bxh7 fxe3 $2 {[%mdl 8192]} (19... Rxh7 20.
O-O Qg5+ $1 (20... g5 $6 21. Ne4 $36) 21. Qxg5 hxg5 22. Bf2 Bxh3 (22... Rxh3 $6
23. Ne4) 23. Rfe1+ Kd7 {[%csl Gf4,Gf6,Gg5,Gg7][%cal Gf7f6] Black has a great
pawn mass which compliments his bishop in text-book manner. Moreover, white's
king may easily feel some light-square based discomfort. I prefer black, and
it is this possibility which demands a note of caution over white's fierce
strategy.}) (19... Qxc3 {Looks risky but may be viable too.} 20. Bxf4 Qxa1+ 21.
Bb1 {Ambitious. The resulting position is hard to assess, as rook v. minor
pieces often are.} ({White seems to have a draw by} 21. Ke2 $5 Qxh1 22. Qe5+
Kf8 (22... Kd8 23. Qc7+ Ke8 $11) (22... Be6 23. Be4 $1 Qxh3 24. dxe6 $40) 23.
Qd6+ Ke8 $11) 21... O-O 22. O-O f5 $13 {[%csl Ye5][%cal Ga8e8]}) 20. Ne4 $1 Qe7
21. Bf5 g6 22. d6 $1 {Black must have overlooked this pleasing shot. This time
he loses a piece for no real compensation.} (22. d6 gxh5 (22... Qxe4 23. Bxe4
gxh5 24. Bxa8) 23. dxe7 Bxf5 24. Nd6+ $18 {[%csl Re8,Rf5]}) 1-0